| 000 | 00316nam a22001217a 4500 | ||
|---|---|---|---|
| 020 | _a9788176222990 | ||
| 082 |
_a637.1 _bBIR/DA |
||
| 100 |
_aBirendra Kumar Mishra _9888 |
||
| 245 | _aDairy and Food Processing Industry Part -I (Recent Trends) | ||
| 260 |
_aDelhi _bBiotech Books _c2014 |
||
| 300 | _a279 | ||
| 942 | _cBK | ||
| 999 |
_c14645 _d14645 |
||